[Event "ZL-2012-0-01088"]
[Site "LSS email"]
[Date "2012.02.06"]
[Round "?"]
[White "Vasquez Medina, David Zenobio"]
[Black "Lauer, Fredric"]
[Result "0-1"]
[WhiteElo "800"]
[BlackElo "1044"]
[PlyCount "20"]
[EventDate "2012.01.31"]
[EventType "match (corr)"]
[EventRounds "2"]
[EventCountry "GER"]
[SourceTitle "Corr 2015"]
[Source "ChessBase"]
[SourceDate "2015.07.17"]
[SourceVersion "1"]
[SourceVersionDate "2015.07.17"]
[SourceQuality "1"]

1. e4 Nf6 2. e5 Nd5 3. c4 Nb6 4. d4 d6 5. exd6 exd6 6. Nc3 Be7 7. Qb3 0-0 8. Nf3 Bg4 9. Ne4 d5 10. Ned2 dxc4 0-1

[Event "ZL-2012-0-01083"]
[Site "LSS email"]
[Date "2012.02.01"]
[Round "?"]
[White "Martin, Helmut"]
[Black "Vasquez Medina, David Zenobio"]
[Result "1-0"]
[WhiteElo "1287"]
[BlackElo "800"]
[PlyCount "45"]
[EventDate "2012.01.27"]
[EventType "match (corr)"]
[EventRounds "2"]
[EventCountry "GER"]
[SourceTitle "Telechess CBM 157"]
[Source "ChessBase"]
[SourceDate "2013.11.12"]
[SourceVersion "1"]
[SourceVersionDate "2013.11.12"]
[SourceQuality "1"]

1. d4 d5 2. Bf4 Nd7 3. Nf3 e6 4. Bg5 Ngf6 5. e3 c6 6. Nbd2 Be7 7. c4 Qb6 8. Bxf6 Nxf6 9. Rb1 0-0 10. c5 Qc7 11. Bd3 b6 12. b4 Bb7 13. 0-0 Nd7 14. Qc2 e5 15. Nxe5 Nxe5 16. dxe5 Qxe5 17. Bxh7+ Kh8 18. Qf5 Qxf5 19. Bxf5 Bg5 20. f4 Bf6 21. Rf3 g6 22. Bd3 Kg7 23. g4 1-0

[Event "OP-2012-0-01991"]
[Site "LSS email"]
[Date "2012.01.09"]
[Round "?"]
[White "Pehl, Ferenc"]
[Black "Vasquez Medina, David Zenobio"]
[Result "1-0"]
[WhiteElo "923"]
[BlackElo "800"]
[PlyCount "67"]
[EventDate "2012.01.05"]
[EventType "tourn (corr)"]
[EventRounds "4"]
[EventCountry "GER"]
[SourceTitle "Telechess CBM 157"]
[Source "ChessBase"]
[SourceDate "2013.11.12"]
[SourceVersion "1"]
[SourceVersionDate "2013.11.12"]
[SourceQuality "1"]

1. e4 c5 2. Nf3 e6 3. d4 cxd4 4. Nxd4 a6 5. Nc3 Nc6 6. Nxc6 bxc6 7. Bd3 d5 8. exd5 cxd5 9. 0-0 Nf6 10. Bg5 Bd6 11. Qf3 h6 12. Bxf6 gxf6 13. Rfe1 Kf8 14. h3 Rb8 15. Rab1 Bb7 16. Qe2 Rg8 17. f3 Bg3 18. Red1 e5 19. Be4 Qb6+ 20. Kh1 dxe4 21. Nxe4 Bxe4 22. Qxe4 Qf2 23. Rf1 Qb6 24. b3 Qe6 25. c4 Rg5 26. Qh7 Bf4 27. Rbd1 Ke7 28. Rd5 Rbg8 29. g4 e4 30. Qxe4 Re5 31. Qxf4 h5 32. Rxe5 fxe5 33. Qe4 hxg4 34. hxg4 1-0

[Event "OP-2012-0-01991"]
[Site "LSS email"]
[Date "2012.01.09"]
[Round "?"]
[White "Vasquez Medina, David Zenobio"]
[Black "Arriola, Gabriel"]
[Result "1-0"]
[WhiteElo "800"]
[BlackElo "933"]
[PlyCount "32"]
[EventDate "2012.01.05"]
[EventType "tourn (corr)"]
[EventRounds "4"]
[EventCountry "GER"]
[SourceTitle "Corr 2015"]
[Source "ChessBase"]
[SourceDate "2015.07.17"]
[SourceVersion "1"]
[SourceVersionDate "2015.07.17"]
[SourceQuality "1"]

1. e4 e5 2. Nf3 Nc6 3. Bb5 Bd6 4. d4 exd4 5. Bxc6 dxc6 6. Qxd4 c5 7. Qxg7 Qf6 8. Qxf6 Nxf6 9. e5 Be7 10. exf6 Bxf6 11. 0-0 c6 12. c3 Be6 13. Bf4 Rg8 14. Nbd2 Ke7 15. Ne4 Rg4 16. Bd6+ Kd7 1-0

[Event "ZN-2012-0-01811"]
[Site "LSS email"]
[Date "2012.01.08"]
[Round "?"]
[White "Mori, Roberto"]
[Black "Vasquez Medina, David Zenobio"]
[Result "0-1"]
[WhiteElo "684"]
[BlackElo "1108"]
[PlyCount "76"]
[EventDate "2012.01.02"]
[EventType "match (corr)"]
[EventRounds "2"]
[EventCountry "GER"]
[SourceTitle "Telechess CBM 157"]
[Source "ChessBase"]
[SourceDate "2013.11.12"]
[SourceVersion "1"]
[SourceVersionDate "2013.11.12"]
[SourceQuality "1"]

1. e4 c5 2. Nf3 e6 3. d4 cxd4 4. Nxd4 a6 5. Bd3 Bc5 6. Be3 Qb6 7. c3 Qxb2 8. Nb3 Bxe3 9. fxe3 Qxg2 10. Rf1 Nf6 11. Qd2 Qxd2+ 12. N3xd2 Nc6 13. Rg1 Ne5 14. Be2 0-0 15. Na3 b5 16. Nc2 Bb7 17. 0-0-0 Bxe4 18. Nxe4 Nxe4 19. Kb2 d5 20. Nd4 Nc4+ 21. Bxc4 bxc4 22. Nc2 Rab8+ 23. Ka1 Nxc3 24. Rde1 Rb7 25. a3 a5 26. Rc1 Ne2 27. Rb1 Rxb1+ 28. Rxb1 Nc3 29. Rb6 Ra8 30. Nd4 h6 31. Nc2 Ne4 32. Kb2 Nc5 33. Ka2 Na4 34. Rb7 Nc3+ 35. Kb2 Na4+ 36. Kc1 g5 37. Nd4 Nc5 38. Kd2 Nxb7 0-1

[Event "ZN-2012-0-01811"]
[Site "LSS email"]
[Date "2012.01.08"]
[Round "?"]
[White "Vasquez Medina, David Zenobio"]
[Black "Mori, Roberto"]
[Result "1-0"]
[WhiteElo "1108"]
[BlackElo "684"]
[PlyCount "51"]
[EventDate "2012.01.02"]
[EventType "match (corr)"]
[EventRounds "2"]
[EventCountry "GER"]
[SourceTitle "Telechess CBM 157"]
[Source "ChessBase"]
[SourceDate "2013.11.12"]
[SourceVersion "1"]
[SourceVersionDate "2013.11.12"]
[SourceQuality "1"]

1. e4 e5 2. Nf3 Nc6 3. Bb5 d6 4. Bxc6+ Bd7 5. Bxd7+ Qxd7 6. 0-0 Nf6 7. Nc3 Be7 8. d4 exd4 9. Nxd4 h6 10. Nf5 0-0 11. Qf3 Nh7 12. Qg3 Bf6 13. Bxh6 Ng5 14. Bxg5 Be5 15. Bf4 g6 16. Bxe5 dxe5 17. Nh6+ Kh7 18. Ng4 Kg7 19. Nxe5 Qe6 20. f4 Qb6+ 21. Kh1 Qxb2 22. f5 Kf6 23. Nd5+ Kg7 24. f6+ Kh7 25. Qh4+ Kg8 26. Qh6 1-0